Представление документа в формате RUSMARC

ПолеНазваниеЗначение
  Тип записи a
  Библиографический уровень a
001 Контрольный номер RU/CBS_Ul/BASE/519437607
005 Дата корректировки 20240209175201.9
100 Данные общей обработки __
a Данные общей обработки 20160617d2016 ||| 0rusy0189 ca
101 Язык документа 0_
a Язык текста rus
102 Страна публикации __
a Страна публикации RU
105 Кодированные данные (монография) __
a Кодированные данные (монография) y###||||000|y
200 Заглавие и сведения об ответственности 1_
a Заглавие Наука красоты
b Общее обозначение материала Текст
e Сведения, относящиеся к заглавию [ученые о восприятии прекрасного]
f Первые сведения об ответственности А. Мишина, Д. Рыженкова
g Последующие сведения об ответственности А. Гнилицкая ; А. Максутова ; А. Константинов
300 Общие примечания __
a Общие примечания Ограничения по возрасту - 16+
461 Уровень набора _0
1 2000
a Русский репортер
463 Уровень физической единицы _0
1 001RU/CBS_Ul/BASE/519306797
1 2000
a № 12 (26 мая)
v С. 56-60: ил.
1 210
d 2016
606 Тематические рубрики 0_
a Основная рубрика Красота - Определение
610 Ключевые слова 0_
a Ключевые слова эстетика
a Ключевые слова прекрасное
a Ключевые слова красота
a Ключевые слова ученые
686 Индексы других классификаций __
a Классификационный индекс 87.8
2 Код системы ББК
700 Автор _1
a Фамилия Мишина
b Имя (инициалы) А.
701 Альтернативная интеллектуальная ответственность _1
a Фамилия Рыженкова
b Имя (инициалы) Д.
702 Вторичная интеллектуальная ответственность __
a Фамилия Гнилицкая
b Имя (инициалы) А.
702 Вторичная интеллектуальная ответственность _1
a Фамилия Максутова
b Имя (инициалы) А.
702 Вторичная интеллектуальная ответственность _1
a Фамилия Константинов
b Имя (инициалы) А.
801 Источник записи _0
a Страна RU
b Организация МБУК ЦБС г. Ульяновска
c Дата составления 20160617
g Правила каталогизации RCR
801 Источник записи _1
a Страна RU
b Организация МБУК ЦБС г. Ульяновска
c Дата составления 20160617
g Правила каталогизации RCR
901 Тип документа __
t Тип документа b
w Контрольный № источника RU/CBS_Ul/BASE/519306797
910 Корректоры записи __
a Корректор записи Библиотека 8
938 Служебная информация __
a Имя БД period